[Event "SC Bocholt 1 - Bielefelder SK 1"]
[Site "NRW-Klasse, Gruppe 1 2012/201"]
[Date "2013.04.28"]
[Round "9.5"]
[White "Gruettemeier, Uwe"]
[Black "Hunhoff, Sebastian"]
[Result "1/2-1/2"]
[WhiteElo "2074"]
[BlackElo "1804"]
[PlyCount "101"]
[EventDate "2013.??.??"]
[WhiteTeam "Bielefelder SK 1"]
[BlackTeam "SC Bocholt 1"]

1. d4 Nf6 2. Nf3 c5 3. d5 e6 4. c4 exd5 5. cxd5 d6 6. Nc3 g6 7. e4 Bg7 8. Bg5
O-O 9. Nd2 b6 10. Be2 Ba6 11. O-O Qc8 12. Nc4 Bxc4 13. Bxc4 Qg4 14. Qxg4 Nxg4
15. Be7 Re8 16. Bxd6 Bxc3 17. bxc3 Rxe4 18. Bb5 Nf6 19. f3 Re3 20. Rfe1 Rxe1+
21. Rxe1 a6 22. Bd3 Nbd7 23. c4 Re8 24. Be7 Kg7 25. Kf2 Ng8 26. Bh4 Rxe1 27.
Kxe1 f5 28. Ke2 h6 29. Bd8 Ngf6 30. Kd2 Kf7 31. Be2 Ke8 32. Bc7 Ke7 33. h4 g5
34. Bd3 f4 35. Bf5 Ne8 36. Bxd7 Nxc7 37. hxg5 hxg5 38. Bf5 b5 39. Kd3 Kd6 40.
Be4 Ke5 41. Kc3 Ne8 42. Bd3 Nd6 43. cxb5 axb5 44. Bxb5 Nxb5+ 45. Kc4 Nc7 46.
Kxc5 Nxd5 47. a4 Nc7 48. a5 Ke6 49. Kc6 Nd5 50. Kc5 Nc7 51. Kc6 1/2-1/2

[Event "SC Bocholt 1 - Bielefelder SK 1"]
[Site "NRW-Klasse, Gruppe 1 2012/201"]
[Date "2013.04.28"]
[Round "9.6"]
[White "Hunhoff, Andreas"]
[Black "Danielmeier, Ralf"]
[Result "0-1"]
[WhiteElo "1802"]
[BlackElo "2081"]
[Annotator "Doe,John"]
[PlyCount "60"]
[EventDate "2013.??.??"]
[WhiteTeam "SC Bocholt 1"]
[BlackTeam "Bielefelder SK 1"]

1. f4 g6 2. Nf3 Bg7 3. e4 c5 4. Bc4 Nc6 5. O-O e6 6. c3 d5 7. exd5 exd5 8. Bb5
Nge7 9. Ne5 O-O 10. Bxc6 bxc6 11. b3 Bf5 12. Ba3 Qb6 13. Kh1 Rfe8 14. d4 cxd4
15. Qxd4 $11 Qa6 16. Re1 Nc8 17. Bc5 f6 18. Nd3 Re4 19. Rxe4 Bxe4 20. c4 Nb6
21. Nb4 Qc8 22. Nc3 f5 23. Qd2 dxc4 24. Bxb6 axb6 25. bxc4 Qe6 26. Rc1 Bxc3 27.
Rxc3 Qe7 28. a3 Rd8 29. Qc1 Qh4 30. h3 Qf2 0-1

[Event "SV Castrop-Rauxel 1 - SV Letmathe 1"]
[Site "NRW-Klasse, Gruppe 1 2012/201"]
[Date "2013.04.28"]
[Round "9.1"]
[White "Podzielny, Karl-Heinz"]
[Black "Van Eijk, Sander"]
[Result "0-1"]
[WhiteElo "2366"]
[BlackElo "2407"]
[PlyCount "132"]
[EventDate "2013.??.??"]
[WhiteTeam "SV Letmathe 1"]
[BlackTeam "SV Castrop-Rauxel 1"]

1. Nf3 c5 2. g3 Nc6 3. Bg2 g6 4. O-O Bg7 5. c3 e5 6. d3 Nge7 7. a3 O-O 8. b4 d6
9. Nbd2 Rb8 10. bxc5 dxc5 11. Rb1 b6 12. a4 h6 13. Nc4 Nd5 14. Qc2 e4 15. dxe4
Nxc3 16. Bf4 Ba6 17. Rbd1 Nd4 18. Nxd4 cxd4 19. Bxb8 Bxc4 20. Bf4 Bxe2 21. Rd3
Bxf1 22. Kxf1 Qe7 23. f3 f5 24. e5 Qc5 25. h4 Kh7 26. Qd2 Qc4 27. Kf2 Rd8 28.
Bf1 Qc5 29. Kg2 Nxa4 30. Qa2 b5 31. Qe6 Qd5 32. Qe7 Nc5 33. Ra3 Rd7 34. Qe8 a6
35. h5 g5 36. Qg6+ Kh8 37. Bd2 Qxe5 38. Ra1 Rd6 39. Qf7 g4 40. Bf4 gxf3+ 41.
Kh3 Qe6 42. Qa7 Rc6 43. Rc1 Qc8 44. Kh2 Ne4 45. Rxc6 Qxc6 46. Qf7 Qf6 47. Qe8+
Qf8 48. Qe6 Nf2 49. Kg1 Ng4 50. Bd3 Qa8 51. Kf1 f2 52. Ke2 Qg8 53. Qxf5 Qe8+
54. Kd2 Nf6 55. Be5 Qxh5 56. Qe6 Qe8 57. Qf5 Qh5 58. Qe6 f1=Q 59. Bxf1 Ne4+ 60.
Kc2 Qxe5 61. Qc8+ Kh7 62. Bd3 Qd5 63. Kc1 Kg6 64. Qe8+ Kf5 65. Qh5+ Ke6 66.
Qg4+ Qf5 0-1

[Event "SV Castrop-Rauxel 1 - SV Letmathe 1"]
[Site "NRW-Klasse, Gruppe 1 2012/201"]
[Date "2013.04.28"]
[Round "9.2"]
[White "Kusnetsov, Mark"]
[Black "Webb, Laurence"]
[Result "0-1"]
[WhiteElo "2206"]
[BlackElo "2250"]
[Annotator "Doe,John"]
[PlyCount "106"]
[EventDate "2013.??.??"]
[WhiteTeam "SV Castrop-Rauxel 1"]
[BlackTeam "SV Letmathe 1"]

1. d4 Nf6 2. Nf3 e6 3. c4 Bb4+ 4. Bd2 Bxd2+ 5. Qxd2 O-O 6. Nc3 d6 7. g3 Nc6 8.
Bg2 e5 9. O-O Bg4 10. e3 Re8 11. Ne1 exd4 12. exd4 Qd7 13. Nc2 Bh3 14. Rfe1
Bxg2 15. Kxg2 d5 16. c5 Ne7 17. Re2 Ng6 18. f3 Rxe2+ 19. Qxe2 Re8 20. Qd2 h5
21. h4 c6 22. Re1 Rxe1 23. Nxe1 Qf5 24. b4 Nf8 25. Nd3 Ne6 26. Ne2 Nd7 27. a4
a6 28. Ndf4 Ndf8 29. Qc1 g6 30. Qb2 Nc7 31. Qb3 $11 Nfe6 32. Kf2 Kg7 33. Qd3
Qxd3 34. Nxd3 f6 35. Ndf4 Kh6 36. Ke3 g5 37. Nxe6 Nxe6 38. Nc3 Nc7 39. Ne2 Kg6
40. Nc1 Ne6 41. Nd3 Ng7 42. g4 hxg4 43. hxg5 Nf5+ 44. Kf4 g3 45. Ne1 fxg5+ 46.
Kg4 Nxd4 47. Kxg3 Kf5 48. Nd3 Ne6 49. Nc1 a5 50. Nb3 axb4 51. a5 d4 52. Kf2 Ke5
53. Kg3 Kd5 0-1

[Event "SV Castrop-Rauxel 1 - SV Letmathe 1"]
[Site "NRW-Klasse, Gruppe 1 2012/201"]
[Date "2013.04.28"]
[Round "9.3"]
[White "Oswald, Hans-Joachim"]
[Black "Kartsev, Alexandr"]
[Result "1/2-1/2"]
[WhiteElo "2210"]
[BlackElo "2179"]
[PlyCount "57"]
[EventDate "2013.??.??"]
[WhiteTeam "SV Letmathe 1"]
[BlackTeam "SV Castrop-Rauxel 1"]

1. Nf3 d5 2. d4 Nf6 3. Bg5 Ne4 4. Bf4 Nd7 5. e3 Ndf6 6. Bd3 Bg4 7. h3 Bh5 8. g4
Bg6 9. Ne5 Nd6 10. Nxg6 hxg6 11. Nd2 e6 12. Qe2 Nde4 13. Bxe4 Nxe4 14. Nxe4
dxe4 15. Qb5+ c6 16. Qxb7 Qc8 17. Qxc8+ Rxc8 18. O-O-O Kd7 19. Rdf1 Bd6 20.
Bxd6 Kxd6 21. f3 exf3 22. Rxf3 f6 23. Kd2 e5 24. Ke2 Rce8 25. Rd1 Kc7 26. d5 e4
27. Rg3 Rd8 28. dxc6 Rxd1 29. Kxd1 1/2-1/2

[Event "SV Castrop-Rauxel 1 - SV Letmathe 1"]
[Site "NRW-Klasse, Gruppe 1 2012/201"]
[Date "2013.04.28"]
[Round "9.4"]
[White "Kartsev, Soel"]
[Black "Soukup, Jiri"]
[Result "1-0"]
[WhiteElo "2140"]
[BlackElo "2278"]
[PlyCount "76"]
[EventDate "2013.??.??"]
[WhiteTeam "SV Castrop-Rauxel 1"]
[BlackTeam "SV Letmathe 1"]

1. e4 e5 2. Nf3 Nc6 3. Bb5 Bc5 4. c3 f5 5. exf5 e4 6. d4 exf3 7. dxc5 Qe7+ 8.
Be3 Nh6 9. Qxf3 O-O 10. Bxc6 bxc6 11. g4 Ba6 12. Nd2 Nf7 13. O-O-O Ne5 14. Qg3
Be2 15. Bd4 Nd3+ 16. Kc2 Rab8 17. b3 d6 18. cxd6 cxd6 19. f6 gxf6 20. Rdg1 Rfe8
21. g5 f5 22. Qh3 Ne5 23. g6 h5 24. Re1 Bg4 25. Qg3 c5 26. Bxe5 dxe5 27. f4 h4
28. Qe3 e4 29. Nc4 Rbd8 30. Ne5 c4 31. b4 Qc7 32. Qc5 Qxc5 33. bxc5 Rd5 34.
Rhg1 Rexe5 35. fxe5 Rxe5 36. c6 Bf3 37. Rb1 Kg7 38. Rb7+ Kf6 1-0

[Event "SV Castrop-Rauxel 1 - SV Letmathe 1"]
[Site "NRW-Klasse, Gruppe 1 2012/201"]
[Date "2013.04.28"]
[Round "9.5"]
[White "Pfleger, Sascha"]
[Black "Sokalsky, Alexander"]
[Result "1/2-1/2"]
[WhiteElo "2016"]
[BlackElo "2218"]
[PlyCount "131"]
[EventDate "2013.??.??"]
[WhiteTeam "SV Letmathe 1"]
[BlackTeam "SV Castrop-Rauxel 1"]

1. e4 c5 2. Nf3 e6 3. d4 cxd4 4. Nxd4 Nc6 5. Nc3 Qc7 6. Be3 a6 7. Be2 Nf6 8.
O-O d6 9. a4 Be7 10. Nb3 O-O 11. a5 Bd7 12. Bb6 Qc8 13. Nd2 Nb4 14. Na2 Nxa2
15. Rxa2 Bc6 16. Bd3 Nd7 17. Be3 Ne5 18. Be2 Bb5 19. f4 Nc4 20. Nxc4 Bxc4 21.
Ra4 Bxe2 22. Qxe2 Qc6 23. Rb4 Rac8 24. c3 Bd8 25. Bb6 d5 26. e5 Be7 27. Rd4 Qb5
28. Qxb5 axb5 29. f5 Bc5 30. Bxc5 Rxc5 31. Rdf4 Rc6 32. Rb4 Rc5 33. Rbf4 Rfc8
34. fxe6 fxe6 35. Rf7 R5c7 36. Rxc7 Rxc7 37. Rf4 h6 38. Kf2 Rc6 39. Rb4 Rc5 40.
Ke3 Kf7 41. Kd3 Kg6 42. Rg4+ Kf7 43. Kc2 g5 44. Rd4 Ke7 45. Kb3 Kd7 46. Kb4 Kc6
47. b3 b6 48. a6 Kc7 49. h4 Kb8 50. hxg5 hxg5 51. Rg4 Ka7 52. Rxg5 Kxa6 53. Rg7
Rc8 54. Re7 Rg8 55. Rxe6 Rg4+ 56. Ka3 Rxg2 57. Rd6 Rg3 58. Kb2 Rg2+ 59. Kb1 b4
60. c4 dxc4 61. bxc4 Ka5 62. e6 Re2 63. Rc6 b3 64. c5 bxc5 65. Rxc5+ Kb4 66.
Rc6 1/2-1/2

[Event "SV Castrop-Rauxel 1 - SV Letmathe 1"]
[Site "NRW-Klasse, Gruppe 1 2012/201"]
[Date "2013.04.28"]
[Round "9.6"]
[White "Kaeding, Rainer"]
[Black "Pieczka, Reiner"]
[Result "1/2-1/2"]
[WhiteElo "2101"]
[BlackElo "1923"]
[PlyCount "84"]
[EventDate "2013.??.??"]
[WhiteTeam "SV Castrop-Rauxel 1"]
[BlackTeam "SV Letmathe 1"]

1. e4 e6 2. d3 d5 3. Nd2 Nf6 4. Ngf3 Be7 5. g3 O-O 6. Bg2 c5 7. O-O Nc6 8. Re1
a5 9. a4 Re8 10. e5 Nd7 11. Nf1 f6 12. exf6 Bxf6 13. Ne3 Nf8 14. Ng4 e5 15.
Nxf6+ gxf6 16. Nh4 Ng6 17. Qh5 Nxh4 18. gxh4 Re7 19. Qf3 Rg7 20. Kh1 Be6 21. c3
Qe7 22. h5 Kh8 23. Bh6 Rf7 24. Bh3 Qd7 25. Bxe6 Qxe6 26. Rg1 f5 27. Bd2 f4 28.
Rg5 Rg8 29. Rag1 Rfg7 30. Rxg7 Rxg7 31. Rxg7 Kxg7 32. Qg2+ Kh6 33. h4 Qf5 34.
Qxd5 Kxh5 35. f3 Qh3+ 36. Kg1 Qxh4 37. Qf7+ Kh6 38. Qf8+ Kg6 39. Qd6+ Kh5 40.
Qd5 Kg6 41. Qd6+ Kh5 42. Qd5 Kg6 1/2-1/2

[Event "SV Castrop-Rauxel 1 - SV Letmathe 1"]
[Site "NRW-Klasse, Gruppe 1 2012/201"]
[Date "2013.04.28"]
[Round "9.7"]
[White "Kalnik, Heinrich"]
[Black "Boehnke, Martin"]
[Result "0-1"]
[WhiteElo "1973"]
[BlackElo "2100"]
[PlyCount "62"]
[EventDate "2013.??.??"]
[WhiteTeam "SV Letmathe 1"]
[BlackTeam "SV Castrop-Rauxel 1"]

1. e4 c5 2. Nc3 Nc6 3. f4 g6 4. Nf3 Bg7 5. a3 d6 6. Bc4 e6 7. d3 Nge7 8. Qe2
O-O 9. h4 Nd4 10. Qf2 h5 11. Be3 d5 12. Ba2 Nxf3+ 13. Qxf3 d4 14. Bd2 dxc3 15.
Bxc3 Bxc3+ 16. bxc3 Qa5 17. Kd2 Kg7 18. g4 hxg4 19. Qxg4 Bd7 20. h5 Rh8 21. Qg5
f6 22. Qg4 Qc7 23. Rag1 Rh6 24. e5 fxe5 25. Qg5 Nf5 26. Re1 Rah8 27. Rhg1 Qd8
28. Qg2 Bc6 29. Qf2 Qh4 30. Qxh4 Nxh4 31. Rg3 exf4 0-1

[Event "SV Castrop-Rauxel 1 - SV Letmathe 1"]
[Site "NRW-Klasse, Gruppe 1 2012/201"]
[Date "2013.04.28"]
[Round "9.8"]
[White "Friedl, Thomas"]
[Black "Heeke, Guido"]
[Result "0-1"]
[WhiteElo "2088"]
[BlackElo "1769"]
[Annotator "Doe,John"]
[PlyCount "79"]
[EventDate "2013.??.??"]
[WhiteTeam "SV Castrop-Rauxel 1"]
[BlackTeam "SV Letmathe 1"]

1. d4 f5 2. Nc3 Nf6 3. Bg5 Nc6 4. f3 d5 5. e4 fxe4 6. fxe4 Bg4 7. Be2 Bxe2 8.
Ngxe2 dxe4 9. a3 Qd7 10. d5 Ne5 11. Nf4 O-O-O 12. Ne6 Re8 13. Qd4 Nc6 14. Qc5
Nb8 15. Nb5 Na6 16. Qc4 Qxd5 17. Nxa7+ Kb8 18. Qxd5 Nxd5 19. Nb5 c6 $11 20.
O-O-O h6 21. Bh4 g5 22. Bg3+ Nf4 23. h4 Rg8 24. hxg5 hxg5 25. Nc3 Ka8 26. Bxf4
gxf4 27. Nxe4 Kb8 28. Rdf1 Bg7 29. Rxf4 Be5 30. Rf5 Bd6 31. N6g5 Rg6 32. Rh5
Reg8 33. Kd1 Nc7 34. Nxd6 exd6 35. c4 Ne8 36. Nf3 Ng7 37. Nh4 Rg4 38. Rh6 Rxh4
39. Rg6 Nxf5 40. Rxg8+ 0-1

[Event "SG Bochum 2 - SK Münster 2"]
[Site "NRW-Klasse, Gruppe 1 2012/201"]
[Date "2013.04.28"]
[Round "9.1"]
[White "Emunds, Hans Georg"]
[Black "Dahm, Jochen"]
[Result "1/2-1/2"]
[WhiteElo "2179"]
[BlackElo "2282"]
[Annotator "Doe,John"]
[PlyCount "108"]
[EventDate "2013.??.??"]
[WhiteTeam "SK Münster 2"]
[BlackTeam "SG Bochum 2"]

1. e4 e5 2. Nf3 Nc6 3. Bb5 a6 4. Bxc6 dxc6 5. O-O Qf6 6. d4 exd4 7. Bg5 Qd6 8.
Nxd4 Bd7 9. Nc3 Be7 10. Be3 O-O-O 11. Qe2 Nh6 12. Rad1 Ng4 13. Nf3 Qg6 14. Bf4
f6 15. Nh4 Qe8 16. Nf5 g6 17. Nxe7+ Qxe7 18. h3 Ne5 19. Bxe5 fxe5 20. Qe3 b6
21. Rd3 Be6 22. Rfd1 Rxd3 23. Qxd3 Kb7 24. b3 g5 25. Qg3 Bc8 26. Kf1 $11 h5 27.
Ke2 Rf8 28. Qe3 Be6 29. Na4 Rf4 30. Nb2 Qh7 31. f3 g4 32. Nd3 gxf3+ 33. gxf3
Rh4 34. Qg5 Rxh3 35. Qxe5 Bc8 36. Rg1 Qf7 37. Rg7 Qxf3+ 38. Kd2 Qe3+ 39. Kc3
Qc5+ 40. Qxc5 bxc5 41. Kc4 Re3 42. Nxc5+ Kb6 43. Na4+ Kb7 44. Kd4 Re2 45. Kd3
Re1 46. Kd2 Rf1 47. Rh7 Bg4 48. Nc5+ Kb6 49. Nd3 Rd1+ 50. Ke3 Rh1 51. Rh6 Rh3+
52. Kd4 Rh2 53. Nb4 Rd2+ 54. Ke5 Rd6 1/2-1/2

[Event "SG Bochum 2 - SK Münster 2"]
[Site "NRW-Klasse, Gruppe 1 2012/201"]
[Date "2013.04.28"]
[Round "9.2"]
[White "Tkachuk, Konstantyn"]
[Black "Mueschenich, Stefan"]
[Result "1-0"]
[WhiteElo "2234"]
[BlackElo "2106"]
[PlyCount "45"]
[EventDate "2013.??.??"]
[WhiteTeam "SG Bochum 2"]
[BlackTeam "SK Münster 2"]

1. e4 Nf6 2. e5 Nd5 3. d4 d6 4. c4 Nb6 5. exd6 exd6 6. Bd3 Nc6 7. Ne2 Bg4 8. f3
Bh5 9. O-O Bg6 10. b3 Be7 11. Bxg6 hxg6 12. d5 Bf6 13. Nbc3 Ne7 14. Bb2 Qd7 15.
Qd2 Kf8 16. Rae1 Re8 17. Nd4 Rh4 18. Ne4 Be5 19. f4 Bxd4+ 20. Qxd4 Nf5 21. Qc3
f6 22. Nxf6 gxf6 23. Qxf6+ 1-0

[Event "SG Bochum 2 - SK Münster 2"]
[Site "NRW-Klasse, Gruppe 1 2012/201"]
[Date "2013.04.28"]
[Round "9.3"]
[White "Rehfeldt, Frank"]
[Black "Kitte, Sebastian"]
[Result "0-1"]
[WhiteElo "2143"]
[BlackElo "2237"]
[PlyCount "82"]
[EventDate "2013.??.??"]
[WhiteTeam "SK Münster 2"]
[BlackTeam "SG Bochum 2"]

1. e4 c5 2. Nf3 e6 3. d4 cxd4 4. Nxd4 Nf6 5. Nc3 d6 6. Bc4 Be7 7. Bb3 Na6 8.
Be3 Nc5 9. f3 O-O 10. Qd2 Bd7 11. g4 Ne8 12. O-O-O Qb8 13. h4 b5 14. Nde2 Nxb3+
15. axb3 a5 16. g5 a4 17. bxa4 b4 18. Nb1 Rxa4 19. b3 Ra2 20. Qd4 Nc7 21. Rd2
Rc8 22. c4 Ra5 23. Rc2 d5 24. Nf4 Bc5 25. Qd2 Bxe3 26. Qxe3 dxc4 27. Rxc4 e5
28. Ne2 Bb5 29. Rc2 Ne6 30. Rxc8+ Qxc8+ 31. Kb2 Bxe2 32. Qxe2 Qa8 33. Qc4 Ra2+
34. Kc1 Nd4 35. Qd3 Qc8+ 36. Kd1 Rc2 37. Re1 Rc1+ 38. Kd2 Rxe1 39. Kxe1 Qc1+
40. Kf2 Qh1 41. Nd2 Qxh4+ 0-1

[Event "SG Bochum 2 - SK Münster 2"]
[Site "NRW-Klasse, Gruppe 1 2012/201"]
[Date "2013.04.28"]
[Round "9.4"]
[White "Kahleys, Kevin"]
[Black "Virnyi, Julius"]
[Result "1-0"]
[WhiteElo "2193"]
[BlackElo "2056"]
[Annotator "Doe,John"]
[PlyCount "125"]
[EventDate "2013.??.??"]
[WhiteTeam "SG Bochum 2"]
[BlackTeam "SK Münster 2"]

1. Nf3 Nf6 2. c4 g6 3. g3 Bg7 4. Bg2 O-O 5. O-O c6 6. d4 d6 7. Nc3 Bf5 8. Ne1
Be6 9. d5 cxd5 10. cxd5 Bd7 11. Qb3 Na6 12. Nd3 Qa5 13. Bd2 Rfc8 14. Rac1 Rab8
15. Rfd1 Qd8 16. h3 b5 17. Be3 b4 18. Ne4 Nxe4 19. Bxe4 Qa5 20. Rxc8+ Rxc8 21.
Rc1 Rxc1+ 22. Bxc1 Nc5 23. Nxc5 Qxc5 24. Be3 Bd4 25. Bxd4 Qxd4 26. Bg2 a5 27.
a3 Qd2 28. axb4 axb4 29. Kh2 Bb5 30. Bf3 Qd4 31. Kg2 Kg7 32. Qc2 Bc4 33. e3 Qd3
34. Qxd3 Bxd3 35. Bd1 Be4+ 36. Bf3 Bd3 37. Bd1 Bc4 38. e4 f5 39. Kf3 Kf6 40.
Ke3 Bf1 41. h4 fxe4 $11 42. Kxe4 Bb5 43. g4 Bf1 44. g5+ Kf7 45. Bg4 Ba6 46. Kd4
Bb5 47. Be6+ Kf8 48. f4 Kg7 49. Bg4 Bf1 50. b3 Ba6 51. Ke3 Bb7 52. Bf3 Kf8 53.
Be4 Kf7 54. Kd4 Ba6 55. Bd3 Bb7 56. f5 Kg7 57. fxg6 hxg6 58. Bb5 Kf7 59. Kc4 e6
60. Bc6 exd5+ 61. Bxd5+ Bxd5+ 62. Kxd5 Ke7 63. Kc4 1-0

[Event "SG Bochum 2 - SK Münster 2"]
[Site "NRW-Klasse, Gruppe 1 2012/201"]
[Date "2013.04.28"]
[Round "9.5"]
[White "Kubo, Thomas"]
[Black "Mazarov, Juergen"]
[Result "1/2-1/2"]
[WhiteElo "2008"]
[BlackElo "2131"]
[Annotator "Doe,John"]
[PlyCount "69"]
[EventDate "2013.??.??"]
[WhiteTeam "SK Münster 2"]
[BlackTeam "SG Bochum 2"]

1. Nf3 d5 2. g3 c5 3. Bg2 Nc6 4. d4 Nf6 5. O-O e6 6. c4 dxc4 7. dxc5 Qxd1 8.
Rxd1 Bxc5 9. Nbd2 Ng4 10. Ne4 Be7 11. h3 Nf6 12. Ned2 O-O 13. Nxc4 Rd8 14.
Rxd8+ Bxd8 15. Bf4 Nd5 16. Bd6 b5 17. Nce5 Nxe5 18. Nxe5 Bb7 19. Rc1 f6 $11 20.
Nd3 Rc8 21. Rxc8 Bxc8 22. e4 Nb6 23. e5 Nc4 24. Bb8 Bb6 25. b3 Nd2 26. Bc6 a6
27. exf6 gxf6 28. Bf4 Nb1 29. Kg2 Nc3 30. a4 bxa4 $11 31. bxa4 Nd5 32. Bd2 Kf7
33. a5 Bd4 34. Nb4 Nxb4 35. Bxb4 1/2-1/2

[Event "SG Bochum 2 - SK Münster 2"]
[Site "NRW-Klasse, Gruppe 1 2012/201"]
[Date "2013.04.28"]
[Round "9.6"]
[White "Werthebach, Felix"]
[Black "Kaufhold, Thomas"]
[Result "1-0"]
[WhiteElo "2145"]
[BlackElo "2015"]
[PlyCount "95"]
[EventDate "2013.??.??"]
[WhiteTeam "SG Bochum 2"]
[BlackTeam "SK Münster 2"]

1. c4 Nf6 2. g3 g6 3. Bg2 Bg7 4. Nc3 O-O 5. e4 d6 6. Nge2 c5 7. O-O Nc6 8. d3
Ne8 9. Be3 Nd4 10. Qd2 Nc7 11. Rae1 Rb8 12. Nd5 b5 13. b3 Nce6 14. Nc1 Nc6 15.
f4 f5 16. exf5 gxf5 17. cxb5 Rxb5 18. Nc3 Rb6 19. Na4 Ra6 20. Bd5 Rf6 21. Qg2
Nb4 22. Bc4 Rxa4 23. bxa4 d5 24. Bb3 Bb7 25. Bd2 Kh8 26. Bc3 Nd4 27. Bxd4 cxd4
28. a3 Na6 29. Re5 Rf8 30. Bxd5 Bc8 31. Re2 Qd6 32. Rfe1 Bf6 33. Bc4 Qxa3 34.
Nb3 Qxa4 35. Ra2 Qb4 36. Qd2 Qd6 37. Rxa6 Bxa6 38. Re6 Qb8 39. Rxa6 e5 40. Nc5
Qb1+ 41. Kg2 Rb8 42. Ra2 e4 43. Qc2 Qe1 44. Qe2 Qc1 45. Rc2 Qa3 46. Nd7 Rb1 47.
Nxf6 Qa1 48. Qh5 1-0

[Event "SG Bochum 2 - SK Münster 2"]
[Site "NRW-Klasse, Gruppe 1 2012/201"]
[Date "2013.04.28"]
[Round "9.7"]
[White "Niermann, Rainer"]
[Black "Tkachuk, Sergij"]
[Result "1/2-1/2"]
[WhiteElo "2020"]
[BlackElo "2149"]
[PlyCount "90"]
[EventDate "2013.??.??"]
[WhiteTeam "SK Münster 2"]
[BlackTeam "SG Bochum 2"]

1. e4 c5 2. c3 g6 3. d4 cxd4 4. cxd4 d5 5. e5 Nc6 6. Nc3 Bg7 7. h3 f6 8. Nf3
fxe5 9. dxe5 d4 10. Nb5 a6 11. Nbxd4 Nxd4 12. Nxd4 Qa5+ 13. Bd2 Qxe5+ 14. Be3
Qa5+ 15. Bd2 Qe5+ 16. Ne2 Qxb2 17. Rb1 Qxa2 18. Nc3 Qe6+ 19. Be2 Nf6 20. O-O
O-O 21. Re1 Qd6 22. Bf3 e5 23. Nd5 e4 24. Nb6 Bf5 25. Nxa8 exf3 26. Qb3+ Qd5
27. Nc7 Qxb3 28. Rxb3 fxg2 29. Rxb7 Bxh3 30. Bb4 Rc8 31. Bc3 Nh5 32. Bxg7 Kxg7
33. Kh2 Bf5 34. Re7+ Kh6 35. Kxg2 a5 36. Kh2 Kg5 37. Rxh7 Rd8 38. Rb5 Rd2 39.
Kg1 Nf4 40. Rxa5 Kg4 41. Ra3 Bd3 42. Ra1 Nh3+ 43. Rxh3 Kxh3 44. Ne6 Bf5 45.
Ra3+ Kg4 1/2-1/2

[Event "SG Bochum 2 - SK Münster 2"]
[Site "NRW-Klasse, Gruppe 1 2012/201"]
[Date "2013.04.28"]
[Round "9.8"]
[White "Nikolaiczuk, Lothar"]
[Black "Ollech, Dirk"]
[Result "1-0"]
[WhiteElo "2194"]
[BlackElo "1944"]
[PlyCount "87"]
[EventDate "2013.??.??"]
[WhiteTeam "SG Bochum 2"]
[BlackTeam "SK Münster 2"]

1. Nf3 Nf6 2. c4 c5 3. e3 g6 4. d4 cxd4 5. exd4 Bg7 6. Nc3 O-O 7. Be2 d6 8. O-O
Nbd7 9. Re1 a6 10. Bf1 Re8 11. b3 Qa5 12. Bb2 e5 13. Qd2 Nf8 14. h3 Bf5 15. d5
Rad8 16. a3 Bc8 17. b4 Qc7 18. Rac1 b6 19. Qe3 Bd7 20. Nd2 Qb8 21. Nb3 Nh5 22.
a4 f5 23. Ba3 e4 24. a5 bxa5 25. Nxa5 f4 26. Qe2 e3 27. Red1 Qb6 28. c5 dxc5
29. Nc4 Qf6 30. bxc5 Qg5 31. Qf3 exf2+ 32. Kxf2 Ng3 33. Kg1 Bb5 34. d6 Ne6 35.
Qd5 Nf5 36. Ne4 Qh4 37. c6 Bxc4 38. Bxc4 Ne3 39. Qxe6+ Rxe6 40. Bxe6+ Kh8 41.
c7 Nxd1 42. Rxd1 Be5 43. cxd8=Q+ Qxd8 44. d7 1-0

[Event "SF Gerresheim 1 - SG Solingen 3"]
[Site "NRW-Klasse, Gruppe 2 2012/201"]
[Date "2012.09.16"]
[Round "1.1"]
[White "Kniest, Oliver"]
[Black "Savchenko, Vyacheslav"]
[Result "1-0"]
[WhiteElo "2255"]
[BlackElo "2336"]
[PlyCount "105"]
[EventDate "2012.??.??"]
[WhiteTeam "SG Solingen 3"]
[BlackTeam "SF Gerresheim 1"]

1. d4 Nf6 2. Nf3 e6 3. c4 d5 4. Nc3 Be7 5. Bg5 h6 6. Bh4 O-O 7. e3 b6 8. Be2
Bb7 9. Bxf6 Bxf6 10. cxd5 exd5 11. b4 Qd6 12. Qb3 a5 13. b5 Nd7 14. O-O Rae8
15. Ne1 Bd8 16. Bf3 Nf6 17. Nd3 Ne4 18. Rfd1 g5 19. Rac1 Kg7 20. Ne5 f5 21. Nc6
g4 22. Be2 Nxc3 23. Rxc3 Bg5 24. Ne5 Rxe5 25. dxe5 Qxe5 26. Qc2 Rf7 27. Rc1 Bd8
28. Qd3 Bf6 29. R3c2 h5 30. f4 gxf3 31. Bxf3 Kh6 32. Rd1 Bg5 33. Re2 Re7 34.
Rde1 Bf6 35. Rf1 Bg5 36. Rfe1 Bf6 37. Qd1 h4 38. Qa4 Qe6 39. Rd1 Bg5 40. Rd3
Qf6 41. Qb3 h3 42. Bxd5 a4 43. Qxa4 Bxd5 44. Rxd5 Rxe3 45. Qc2 hxg2 46. Rxf5
Qd4 47. Rxe3 Bxe3+ 48. Kxg2 Qg4+ 49. Kf1 Bc5 50. Qd2+ Kg6 51. Rxc5 Qf3+ 52. Kg1
bxc5 53. Qg2+ 1-0

[Event "SF Gerresheim 1 - SG Solingen 3"]
[Site "NRW-Klasse, Gruppe 2 2012/201"]
[Date "2012.09.16"]
[Round "1.2"]
[White "Dresen, Ulrich"]
[Black "Gupta, Milon"]
[Result "1/2-1/2"]
[WhiteElo "2166"]
[BlackElo "2226"]
[PlyCount "54"]
[EventDate "2012.??.??"]
[WhiteTeam "SF Gerresheim 1"]
[BlackTeam "SG Solingen 3"]

1. d4 Nf6 2. Nf3 g6 3. c3 Bg7 4. Bg5 O-O 5. Nbd2 d6 6. e4 h6 7. Bh4 c5 8. d5 e6
9. dxe6 Bxe6 10. Bc4 d5 11. exd5 Bxd5 12. O-O Nc6 13. Re1 g5 14. Bg3 Nh5 15.
Ne5 Nxg3 16. Nxc6 Bxc6 17. hxg3 b5 18. Be2 Qc7 19. Qc2 Rfe8 20. Bf3 Rad8 21.
Bxc6 Qxc6 22. Nf1 Re6 23. Rxe6 Qxe6 24. Ne3 c4 25. a4 a6 26. axb5 axb5 27. Rd1
Rxd1+ 1/2-1/2

[Event "SF Gerresheim 1 - SG Solingen 3"]
[Site "NRW-Klasse, Gruppe 2 2012/201"]
[Date "2012.09.16"]
[Round "1.3"]
[White "Hubert, Ralf"]
[Black "Lemanczyk, Thomas"]
[Result "1-0"]
[WhiteElo "2252"]
[BlackElo "2201"]
[PlyCount "119"]
[EventDate "2012.??.??"]
[WhiteTeam "SG Solingen 3"]
[BlackTeam "SF Gerresheim 1"]

1. d4 e6 2. c4 Nf6 3. Nf3 b6 4. e3 Bb7 5. Be2 Be7 6. Nc3 O-O 7. O-O d5 8. cxd5
exd5 9. Qb3 Nbd7 10. Bd2 c6 11. Rfd1 Bd6 12. Nh4 g6 13. Be1 Ne4 14. g3 f5 15.
Nxe4 fxe4 16. Bb4 Bxb4 17. Qxb4 Nf6 18. Rac1 Qd7 19. Rd2 Rf7 20. Qa3 a5 21.
Rdc2 Ne8 22. f4 exf3 23. Nxf3 Qe7 24. Ne5 Qxa3 25. bxa3 Re7 26. Rb2 b5 27. Rb3
Nd6 28. Nxc6 Bxc6 29. Rxc6 Nc4 30. Bf3 Rd8 31. Rxb5 Nxe3 32. Rxa5 Rb8 33. Rc1
Rb2 34. Re1 Rc7 35. Rc5 Re7 36. Rc3 Nf5 37. Bxd5+ Kg7 38. Rxe7+ Nxe7 39. Bc4
Nf5 40. Rd3 Nd6 41. Bd5 g5 42. a4 h5 43. h3 Kf6 44. Bb3 g4 45. hxg4 hxg4 46. a5
Kf5 47. Re3 Ne4 48. Be6+ Kxe6 49. Rxe4+ Kf6 50. Rf4+ Ke6 51. a4 Kd5 52. Rxg4
Ra2 53. Rg5+ Kxd4 54. a6 Ke3 55. a5 Rc2 56. a7 Rc8 57. Rf5 Ke4 58. Rf7 Ke5 59.
Rb7 Ra8 60. Kg2 1-0

[Event "SF Gerresheim 1 - SG Solingen 3"]
[Site "NRW-Klasse, Gruppe 2 2012/201"]
[Date "2012.09.16"]
[Round "1.4"]
[White "Koehler, Markus"]
[Black "Fichtner, Ewald"]
[Result "1/2-1/2"]
[WhiteElo "2102"]
[BlackElo "2021"]
[PlyCount "75"]
[EventDate "2012.??.??"]
[WhiteTeam "SF Gerresheim 1"]
[BlackTeam "SG Solingen 3"]

1. c4 c6 2. g3 Nf6 3. Bg2 d5 4. Nf3 Bf5 5. Qb3 Qb6 6. Nc3 e6 7. cxd5 exd5 8.
Qa4 Nbd7 9. Qf4 Bg6 10. O-O Nc5 11. Na4 Nxa4 12. Qxa4 Qb4 13. Qd1 Bd6 14. d3
O-O 15. Nh4 Bh5 16. Nf5 Bc7 17. Ne3 Rfe8 18. a3 Qe7 19. d4 Ne4 20. Qd3 Bb6 21.
Nc2 Nd6 22. e3 Bg6 23. Qd1 Be4 24. Ne1 Bxg2 25. Kxg2 Ne4 26. Nf3 Ng5 27. Nxg5
Qxg5 28. b4 a6 29. Bd2 Re6 30. a4 Qf5 31. Qb1 Qg4 32. h3 Qe2 33. Qd1 Qd3 34.
Be1 Qe4+ 35. Qf3 Qc2 36. Qd1 Qe4+ 37. Qf3 Qc2 38. Qd1 1/2-1/2